Loading...
Spiral /
| Main Author: | |
|---|---|
| Format: | Printed Book |
| Language: | English |
| Published: |
London :
Orbit,
2003.
|
| LEADER | 00435nam a22001337a 4500 | ||
|---|---|---|---|
| 008 | 211006b |||||||| |||| 00| 0 eng d | ||
| 020 | |a 1841491470 | ||
| 100 | |a Remic, Andy | ||
| 245 | |a Spiral / |c Andy Remic | ||
| 260 | |a London : |b Orbit, |c 2003. | ||
| 300 | |a xii, 531p ; | ||
| 942 | |c BK | ||
| 999 | |c 362003 |d 362003 | ||
| 952 | |0 0 |1 0 |2 ddc |4 0 |7 3 |9 421181 |a UL |b UL |c PROC |d 2021-10-06 |e Donation -I.G.Bhaskara Panikker Family |l 0 |p G14315 |r 2021-10-06 |w 2021-10-06 |y BK | ||